Normal view
MARC view
- Mir,Muhammad Adrees
Entry Personal Name
001 - CONTROL NUMBER
- control field: 37353
003 - CONTROL NUMBER IDENTIFIER
- control field: NUST
005 - DATE AND TIME OF LATEST TRANSACTION
- control field: 20210314130246.0
008 - FIXED-LENGTH DATA ELEMENTS
- fixed length control field: 210314|| aca||aabn | a|a d
040 ## - CATALOGING SOURCE
- Original cataloging agency: NUST
- Transcribing agency: NUST
100 ## - HEADING--PERSONAL NAME
- Personal name: Mir,Muhammad Adrees
670 ## - SOURCE DATA FOUND
- Source citation: Work cat.: (NUST): Mir,Muhammad Adrees, Quran and modern scientific theories , 1995
